Klasická škola Ekonomické teorie

História klasickej školy ekonómie. Predstavitelia klasickej ekonómie. Vplyv rastu množstva peňazí na kúpnu silu. Teória neviditeľnej ruky trhu.

Guardado en:
Detalles Bibliográficos
Autor principal: Sojka, Milan
Formato: Libro
Lenguaje:checo
Materias:
Etiquetas: Agregar Etiqueta
Sin Etiquetas, Sea el primero en etiquetar este registro!

MARC

LEADER 00000nam a2200000 4500
001 r030492
005 20230920094634.1
041 0 |a cze 
044 |a CZ 
245 1 0 |a Klasická škola  |b Ekonomické teorie  |c Milan Sojka 
520 |a História klasickej školy ekonómie. Predstavitelia klasickej ekonómie. Vplyv rastu množstva peňazí na kúpnu silu. Teória neviditeľnej ruky trhu. 
610 2 0 |a dejiny teórií ekonomických 
610 2 0 |a klasicizmus 
610 2 0 |a peniaze 
610 2 0 |a sila kúpna peňazí 
610 2 0 |a teórie ekonomické 
100 1 |a Sojka, Milan